000 00599nam a2200193Ia 4500
005 20260120124536.0
008 008 260114s9999 xx 000 0 eng d
020 _a9781784410803
037 _aEBOOK
040 _aCRL
_beng
_cCRL
041 _aeng
_2eng
084 _qCRL
245 0 _aField Guide to Case Study Research in Business-to-business Marketing and Purchasing
260 _bEmerald Publishing
_c2014
700 _aArch G. Woodside
_9907580
856 _uhttps://www.emerald.com/insight/publication/doi/10.1108/S1069-0964201421
942 _cEBOOK
999 _c1499434
_d1499434